Online Catalogue and eLibrary

Gender Outlaw (Record no. 1556)

MARC details
000 -LEADER
fixed length control field 00423nam a2200169Ia 4500
005 - DATE AND TIME OF LATEST TRANSACTION
control field 20250108052545.0
008 - FIXED-LENGTH DATA ELEMENTS--GENERAL INFORMATION
fixed length control field 240331s9999 xx 000 0 und d
020 ## - INTERNATIONAL STANDARD BOOK NUMBER
ISBN 0415908973
082 ## - DDC Classification
Item Number - Author Mark KAT
DDC Edition Number 5180
Class No. 305.3
100 ## - MAIN ENTRY--PERSONAL NAME
Personal name Bornstein, K
245 #0 - TITLE STATEMENT
Title Gender Outlaw
Remainder of title On men, women and the rest of us
260 ## - PUBLICATION, DISTRIBUTION, ETC.
Place of publication, distribution, etc. New York
Name of publisher, distributor, etc. Routledge
Date of publication, distribution, etc. 1994
300 ## - PHYSICAL DESCRIPTION
Extent (e.g. Volumes, Pages etc.) 245 p.,
650 ## - SUBJECT ADDED ENTRY--TOPICAL TERM
Topical term or geographic name entry element Gender
650 ## - SUBJECT ADDED ENTRY--TOPICAL TERM
Topical term or geographic name entry element Transsexual
942 ## - Koha item type (Biblio)
Koha item type Books in Stacks (Lending)
Holdings
Lost status Damaged status Collection code Home library Current library Shelving location Date acquired Full call number Accession Number Item type
    Lending WERC Library WERC Library Social Science Cupboard 03/31/2024 305.3 BOR 5180 Books in Stacks (Lending)

© WERC Library